| 000 | 00962nam a2200349 4500 | ||
|---|---|---|---|
| 001 | 165974 | ||
| 003 | DO-SdBNP | ||
| 005 | 20161019125602.0 | ||
| 007 | 165974 | ||
| 008 | 851001s1984 sp a 000 spa | ||
| 016 | 7 |
_a _z _2BPMSU |
|
| 017 | _b | ||
| 020 | _a8434813378 | ||
| 035 | _a | ||
| 040 |
_aBPMSU _bspa _cBPMSU _e |
||
| 041 | 1 |
_aspa _h |
|
| 080 | 0 | _a | |
| 082 |
_a833.91 _bL797n |
||
| 100 | 1 |
_aLobe, Mira _d1913- |
|
| 240 | 1 | 0 |
_aMoritz Huna Nasenriecher _lespañol |
| 245 | 1 | 3 |
_aLa nariz de Moritz / _cMira Lobe ; traducción Manuel Olasagasti _h |
| 260 |
_aMadrid : _bS.M, _c1984 |
||
| 300 |
_a180 p.: _bil. ; _c21 cm |
||
| 490 | 0 |
_aEl Barco de vapor _v 70 |
|
| 500 | _aPara niños a partir de 9 años | ||
| 650 | _aCUENTOS INFANTILES ALEMANES | ||
| 700 |
_aOlasagasti, Manuel _etr. |
||
| 700 |
_aTelle, Antonio _eil. |
||
| 830 |
_aEl Barco de vapor _v70 |
||
| 942 |
_2ddc _cBK |
||
| 956 |
_aVMATEO _210 _320160408 _6BPMSU _80069 |
||
| 999 |
_c9665 _d9665 |
||